Statistics for Daily Country Riddle #61

Click here to take the quiz!

General Stats

  • This quiz has been taken 104 times
  • The average score is 7 of 9

Answer Stats

TypeAnswer% Correct
Found LetterA
99%
Found LetterU
88%
Correctly Placed LetterC
84%
Found LetterC
84%
Correctly Placed LetterA
78%
Correctly Placed LetterB
78%
Found LetterB
78%
Mystery CountryCuba
78%
Correctly Placed LetterU
78%

Score Distribution

Percentile by Number Answered

Percent of People with Each Score

Your Score History

You have not taken this quiz